| 000 | 00000nam 2200000zi 4500 |
| 001 | 9.937034 |
| 003 | CaOODSP |
| 005 | 20240418130110 |
| 006 | m o d f |
| 007 | cr |n||||||||| |
| 008 | 240418e202308##onc ob f|0| 0 eng d |
| 040 | |aCaOODSP|beng|erda|cCaOODSP |
| 043 | |an-cn--- |
| 086 | 1 |aRv55-8/4-1-7-2023E-PDF |
| 245 | 00|aExtension of time limits for the storage of goods. |
| 264 | 1|aOttawa : |bCanada Border Services Agency = Agence des services frontaliers du Canada, |cAugust 2023. |
| 300 | |a1 online resource (7 pages). |
| 336 | |atext|btxt|2rdacontent |
| 337 | |acomputer|bc|2rdamedia |
| 338 | |aonline resource|bcr|2rdacarrier |
| 490 | 1 |aMemorandum, |x2369-2391 ; |vD4-1-7 |
| 500 | |aIssued also in French under title: Prorogation des délais pour l’entreposage des marchandises |
| 500 | |a"Superseded Memorandum D, D4-1-7 dated January 23, 2014." |
| 504 | |aIncludes bibliographical references (page 7). |
| 650 | 0|aBonded warehouses and goods |zCanada. |
| 650 | 0|aExports|xStorage|zCanada. |
| 650 | 0|aImports|xStorage|zCanada. |
| 710 | 2 |aCanada Border Services Agency, |eissuing body. |
| 775 | 08|tProrogation des délais pour l’entreposage des marchandises.|w(CaOODSP)9.937038 |
| 830 | #0|aMemorandum (Canada Border Services Agency)|vD4-1-7.|w(CaOODSP)9.816825 |
| 856 | 40|qPDF|s404 KB|uhttps://publications.gc.ca/collections/collection_2024/asfc-cbsa/Rv55-8-4-1-7-2023-eng.pdf |
| 856 | 4 |qHTML|sN/A|uhttps://www.cbsa-asfc.gc.ca/publications/dm-md/d4/d4-1-7-eng.html |